000 00593nam a2200229 a 4500
001 nice12345678
003 IN_TiNIC
005 20260116014021.0
008 120809s2012 lona grp 000 0 eng
020 _a9780415535052
_c595
082 0 0 _a320.9
_bMAF
100 _aMaffettone, Sebastiano
245 _aGlobal Justice
_b Critical Perspectives
260 _aLondon
_bRoutledge Chapman Hall
_c2012
300 _a208p
500 _aincludes index and biblioraphy
505 2 _aIndex
650 _aJustice-Political Situations
902 _bSRS
942 _cBK
999 _c13521
_d13521